Skupinové rozhovory jako součást kvalitativního výzkumu
Čo je skupinový rozhovor, jeho priebeh, účastníci skupinového rozhovoru. Výhody a problémy skupinových rozhovorov.
Salvato in:
| Autore principale: | |
|---|---|
| Natura: | Capitolo di libro |
| Lingua: | ceco |
| Soggetti: | |
| Tags: |
Nessun Tag, puoi essere il primo ad aggiungerne!!
|
MARC
| LEADER | 00000naa a2200000 4500 | ||
|---|---|---|---|
| 001 | 0226272 | ||
| 005 | 20231115071133.8 | ||
| 041 | 0 | |a cze | |
| 044 | |a CZ | ||
| 245 | 1 | 0 | |a Skupinové rozhovory jako součást kvalitativního výzkumu |c Jitka Vysekalová |
| 520 | |a Čo je skupinový rozhovor, jeho priebeh, účastníci skupinového rozhovoru. Výhody a problémy skupinových rozhovorov. | ||
| 610 | 2 | 0 | |a výskum marketingový |
| 610 | 2 | 0 | |a výskum kvalitatívny |
| 610 | 2 | 0 | |a metódy výskumu |
| 610 | 2 | 0 | |a rozhovor |
| 610 | 2 | 0 | |a diskusia |
| 610 | 2 | 0 | |a psychológia |
| 100 | 1 | |a Vysekalová, Jitka | |